000 00531nam a2200181Ia 4500
008 151018s9999 xx 000 0 und d
082 _bRBASDV15478
_a891.463
100 _aनयना आचार्य
245 _aअनन्य गतिक
250 _b1
260 _bमंजिरी
_c1978
300 _a163
600 _aनयना आचार्य
630 _aअनन्य गतिक
700 _aनयना आचार्य
730 _aअनन्य गतिक
942 _cBOOK
999 _c1016205
_d1016202